[Event "Titled Tuesday intern op 16th Apr Early"]
[Site "Chess.com INT"]
[Date "2024.04.16"]
[Round "2"]
[White "Giri, Anish"]
[Black "Martin Fuentes, Alberto"]
[Result "1-0"]
[WhiteElo "2745"]
[BlackElo "2372"]
[PlyCount "61"]
[EventDate "2024.04.16"]
[EventType "swiss (blitz)"]
[EventRounds "11"]
[EventCountry "USA"]
[SourceTitle "CB17_2024"]
[SourceDate "2024.04.24"]
[SourceVersion "1"]
[SourceVersionDate "2024.04.24"]
[SourceQuality "1"]

1. Nf3 Nf6 2. c4 c5 3. Nc3 Nc6 4. e3 g6 5. d4 cxd4 6. exd4 d5 7. cxd5 Nxd5 8. Qb3 e6 9. Bb5 Bg7 10. Bxc6+ bxc6 11. 0-0 0-0 12. Re1 Ba6 13. Ne4 Rb8 14. Qd1 c5 15. Nxc5 Bb7 16. Bg5 Qd6 17. Bh4 Qc6 18. Rc1 Qb5 19. a4 Qxb2 20. Rb1 Nc3 21. Rxb2 Nxd1 22. Rxb7 Rxb7 23. Nxb7 Nc3 24. Nc5 h6 25. Bg3 Rd8 26. Kf1 Bxd4 27. Nxd4 Rxd4 28. Be5 Rc4 29. Rc1 Rxc5 30. Bxc3 a6 31. Bb2 1-0

[Event "Titled Tuesday intern op 02nd Apr Early"]
[Site "Chess.com INT"]
[Date "2024.04.02"]
[Round "6"]
[White "Provotorov, Ivan"]
[Black "Martin Fuentes, Alberto"]
[Result "1/2-1/2"]
[WhiteElo "2303"]
[BlackElo "2372"]
[PlyCount "147"]
[EventDate "2024.04.02"]
[EventType "swiss (blitz)"]
[EventRounds "11"]
[EventCountry "USA"]
[SourceTitle "CB15_2024"]
[SourceDate "2024.04.10"]
[SourceVersion "1"]
[SourceVersionDate "2024.04.10"]
[SourceQuality "1"]

1. c4 Nf6 2. Nc3 c5 3. Nf3 Nc6 4. e3 g6 5. d4 cxd4 6. exd4 d5 7. cxd5 Nxd5 8. Qb3 Nxc3 9. Bc4 e6 10. bxc3 Be7 11. 0-0 Na5 12. Bb5+ Bd7 13. Qa4 Bxb5 14. Qxb5+ Nc6 15. Qxb7 Rc8 16. Bh6 Bf8 17. Bxf8 Kxf8 18. Rad1 Kg7 19. c4 Rc7 20. Qb2 Qf6 21. Qe2 Na5 22. Ne5 Rd8 23. Ng4 Qf5 24. d5 Nxc4 25. dxe6 Rxd1 26. Qxd1 fxe6 27. Re1 h5 28. Qa1+ e5 29. Nxe5 Nxe5 30. Rxe5 Qf6 31. Re1 Qxa1 32. Rxa1 Rc2 33. a4 a5 34. g3 Rc4 35. Kg2 Kf6 36. h4 Ke5 37. Kf3 Kf5 38. Ke3 Kg4 39. Ra3 Rb4 40. Ke2 Kh3 41. Kf3 Rc4 42. Ra2 Kh2 43. Ke3 Kg2 44. Kd3 Rb4 45. Ke3 Rg4 46. Kd3 Rb4 47. Ke3 Rc4 48. Kd3 Rg4 49. Ke3 Rb4 50. Kd3 Rb3+ 51. Ke4 Rb4+ 52. Ke5 Kf3 53. Kf6 Rb6+ 54. Kg5 Rd6 55. Rb2 Re6 56. Ra2 Kg2 57. f4+ Kxg3 58. Rb2 Rc6 59. Rb3+ Kf2 60. Rb5 Kg3 61. Rxa5 Rc4 62. f5 Rg4+ 63. Kh6 gxf5 64. Rxf5 Rxh4 65. Rxh5 Rxa4 66. Rg5+ Kf4 67. Rg6 Ra5 68. Rg7 Rf5 69. Rg6 Ke5 70. Rg7 Rf4 71. Rg6 Ke4 72. Kg7 Rf5 73. Rf6 Rxf6 74. Kxf6 1/2-1/2

[Event "Titled Tuesday intern op 27th Feb Late"]
[Site "Chess.com INT"]
[Date "2024.02.27"]
[Round "5"]
[White "Garcia Almaguer, Juan Manuel"]
[Black "Martin Fuentes, Alberto"]
[Result "0-1"]
[WhiteElo "2126"]
[BlackElo "2369"]
[PlyCount "112"]
[EventDate "2024.02.27"]
[EventType "swiss (blitz)"]
[EventRounds "11"]
[EventCountry "USA"]
[SourceTitle "CB10_2024"]
[SourceDate "2024.03.06"]
[SourceVersion "1"]
[SourceVersionDate "2024.03.06"]
[SourceQuality "1"]

1. e4 e6 2. d4 d5 3. exd5 exd5 4. Nf3 Nf6 5. h3 c5 6. Bb5+ Nc6 7. 0-0 Be7 8. dxc5 0-0 9. Bxc6 bxc6 10. b4 a5 11. c3 Ne4 12. Nd4 Bf6 13. Be3 Qc7 14. Qc1 Re8 15. Nd2 Ng3 16. Re1 Nf5 17. N2b3 a4 18. Bf4 Rxe1+ 19. Qxe1 Qd7 20. Nxf5 axb3 21. Nd6 bxa2 22. Qd2 h6 23. Rxa2 Rxa2 24. Qxa2 Qd8 25. Qa8 Bd7 26. Qxd8+ Bxd8 27. Be5 Bg5 28. f4 Bd8 29. c4 f6 30. Bd4 dxc4 31. Nxc4 Bc7 32. g3 Bxh3 33. Na5 Bd7 34. Kf2 Kf7 35. Ke3 Ke6 36. Ke4 f5+ 37. Kd3 g5 38. Be3 gxf4 39. gxf4 Kd5 40. Nc4 h5 41. Nd2 Bc8 42. Nf3 Ba6+ 43. Kd2 Bd8 44. Bf2 Ke4 45. Ng5+ Kxf4 46. Ne6+ Kf3 47. Nxd8 Kxf2 48. Nxc6 h4 49. Nb8 h3 50. Nxa6 h2 51. c6 h1Q 52. c7 Qd5+ 53. Kc3 Qc6+ 54. Nc5 Qxc7 55. Kd4 f4 56. b5 Kg2 0-1

[Event "Titled Tuesday intern op 27th Feb Late"]
[Site "Chess.com INT"]
[Date "2024.02.27"]
[Round "4"]
[White "Martin Fuentes, Alberto"]
[Black "Baskakov, Egor"]
[Result "0-1"]
[WhiteElo "2369"]
[BlackElo "2215"]
[PlyCount "52"]
[EventDate "2024.02.27"]
[EventType "swiss (blitz)"]
[EventRounds "11"]
[EventCountry "USA"]
[SourceTitle "CB10_2024"]
[SourceDate "2024.03.06"]
[SourceVersion "1"]
[SourceVersionDate "2024.03.06"]
[SourceQuality "1"]

1. e4 c5 2. Nc3 Nc6 3. g3 g6 4. Bg2 Bg7 5. d3 e6 6. Be3 Qb6 7. Rb1 Nge7 8. Nge2 Nd4 9. 0-0 0-0 10. Qd2 Re8 11. Nd1 d5 12. c3 Nxe2+ 13. Qxe2 Bd7 14. Qc2 Rac8 15. Qd2 Bb5 16. b4 Qa6 17. Nb2 cxb4 18. cxb4 dxe4 19. Bxe4 Qxa2 20. Bxb7 Rcd8 21. Be4 Nd5 22. Bh6 Bxh6 23. Qxh6 Nc3 24. Ra1 Qxb2 25. Rxa7 Nxe4 26. dxe4 Bxf1 0-1

[Event "Titled Tuesday intern op 27th Feb Late"]
[Site "Chess.com INT"]
[Date "2024.02.27"]
[Round "6"]
[White "Rustemov, Alexander"]
[Black "Martin Fuentes, Alberto"]
[Result "1/2-1/2"]
[WhiteElo "2525"]
[BlackElo "2369"]
[PlyCount "149"]
[EventDate "2024.02.27"]
[EventType "swiss (blitz)"]
[EventRounds "11"]
[EventCountry "USA"]
[SourceTitle "CB10_2024"]
[SourceDate "2024.03.06"]
[SourceVersion "1"]
[SourceVersionDate "2024.03.06"]
[SourceQuality "1"]

1. d4 Nf6 2. c4 c5 3. d5 b5 4. cxb5 a6 5. e3 g6 6. Nc3 Bg7 7. a4 0-0 8. e4 d6 9. Nf3 Nbd7 10. Bf4 Ne8 11. Be2 axb5 12. axb5 Rxa1 13. Qxa1 Qb6 14. 0-0 Nc7 15. Nd2 Qb8 16. Qa5 Nb6 17. Ra1 Bd7 18. Qa7 Re8 19. h3 Kf8 20. Ra5 Rd8 21. g4 Qxa7 22. Rxa7 Nca8 23. Kg2 Ke8 24. h4 Rb8 25. g5 Kd8 26. h5 Kc8 27. h6 Bf8 28. e5 Rb7 29. Ra5 Nc7 30. exd6 exd6 31. Nde4 Nbxd5 32. Nxd6+ Bxd6 33. Bxd6 Nxc3 34. bxc3 Bxb5 35. Bf3 Rb6 36. Bxc5 Ra6 37. Rxa6 Bxa6 38. Kg3 Kd7 39. Be3 Ne6 40. Bd5 Kd6 41. Ba2 Ke5 42. c4 Bb7 43. Bb1 Be4 44. f4+ Kf5 45. Ba2 f6 46. Kh4 fxg5+ 47. fxg5 Nf4 48. Bd2 Nd3 49. Bb3 Nc5 50. Bd1 Ne6 51. Bg4+ Ke5 52. Bc3+ Kd6 53. Bf6 Nf4 54. Kg3 Nh5+ 55. Kh4 Bd3 56. Bd4 Bxc4 57. Bxh5 gxh5 58. g6 Bg8 59. g7 Ke6 60. Kxh5 Kf7 61. Kg5 Ke7 62. Kf5 Kf7 63. Bc5 Ke8 64. Kf6 Bf7 65. g8Q+ Bxg8 66. Kg7 Bc4 67. Kxh7 Kf7 68. Bd4 Bd3+ 69. Kh8 Bc2 70. Bc3 Bd3 71. h7 Bc2 72. Bd4 Bd3 73. Bc3 Bc2 74. Bd4 Bd3 75. Bc3 1/2-1/2

[Event "Titled Tuesday intern op 27th Feb Late"]
[Site "Chess.com INT"]
[Date "2024.02.27"]
[Round "3"]
[White "Sargsyan, Shant"]
[Black "Martin Fuentes, Alberto"]
[Result "1-0"]
[WhiteElo "2637"]
[BlackElo "2369"]
[PlyCount "87"]
[EventDate "2024.02.27"]
[EventType "swiss (blitz)"]
[EventRounds "11"]
[EventCountry "USA"]
[SourceTitle "CB10_2024"]
[SourceDate "2024.03.06"]
[SourceVersion "1"]
[SourceVersionDate "2024.03.06"]
[SourceQuality "1"]

1. c4 Nf6 2. Nc3 c5 3. g3 Nc6 4. Bg2 g6 5. Nf3 d6 6. d4 cxd4 7. Nxd4 Bd7 8. b3 Bg7 9. Bb2 0-0 10. 0-0 Qa5 11. Qd2 Rfe8 12. Rfd1 Qh5 13. Nxc6 Bxc6 14. e4 a5 15. Re1 Qc5 16. h3 a4 17. Rad1 axb3 18. axb3 Nd7 19. Nd5 Bxd5 20. Bxg7 Kxg7 21. exd5 b5 22. Rc1 bxc4 23. Rxc4 Qb6 24. Qb2+ Nf6 25. g4 h6 26. h4 Kg8 27. g5 hxg5 28. hxg5 Nh5 29. Bf3 Ng7 30. Kg2 Rab8 31. Rh1 Qxb3 32. Rch4 Nh5 33. Qxb3 Rxb3 34. Bxh5 gxh5 35. Rxh5 Reb8 36. f3 R8b5 37. Kg3 Rxd5 38. Kg4 Rb4+ 39. f4 e5 40. Rh8+ Kg7 41. R1h7+ Kg6 42. Rh6+ Kg7 43. Kh5 Rxf4 44. R6h7# 1-0

[Event "Titled Tuesday intern op 13th Feb Late"]
[Site "Chess.com INT"]
[Date "2024.02.13"]
[Round "5"]
[White "Baskakov, Egor"]
[Black "Martin Fuentes, Alberto"]
[Result "1-0"]
[WhiteElo "2215"]
[BlackElo "2369"]
[PlyCount "65"]
[EventDate "2024.02.13"]
[EventType "swiss (blitz)"]
[EventRounds "11"]
[EventCountry "USA"]
[SourceTitle "CB08_2024"]
[SourceDate "2024.02.21"]
[SourceVersion "1"]
[SourceVersionDate "2024.02.21"]
[SourceQuality "1"]

1. e4 e6 2. Nc3 d5 3. g3 Nf6 4. Bg2 dxe4 5. Nxe4 Nxe4 6. Bxe4 Nd7 7. d4 Be7 8. Ne2 c5 9. 0-0 0-0 10. c4 cxd4 11. Nxd4 Nf6 12. Bg2 e5 13. Nb5 a6 14. Nc3 Be6 15. Qe2 Qc7 16. Nd5 Nxd5 17. cxd5 Bd7 18. Rd1 Bd6 19. Be3 Rfc8 20. a3 Qc4 21. Qe1 Qb3 22. Rd2 Rc2 23. Rc1 Rxc1 24. Qxc1 Rc8 25. Qe1 g6 26. h4 h5 27. Qe2 Bg4 28. Bf3 Bxf3 29. Qxf3 Rc2 30. Rxc2 Qxc2 31. Kg2 Qd3 32. b4 Kg7 33. Bh6+ 1-0

[Event "Titled Tuesday intern op 13th Feb Early"]
[Site "Chess.com INT"]
[Date "2024.02.13"]
[Round "3"]
[White "Guttula, Balaji"]
[Black "Martin Fuentes, Alberto"]
[Result "0-1"]
[WhiteElo "2278"]
[BlackElo "2369"]
[PlyCount "156"]
[EventDate "2024.02.13"]
[EventType "swiss (blitz)"]
[EventRounds "11"]
[EventCountry "USA"]
[SourceTitle "CB08_2024"]
[SourceDate "2024.02.21"]
[SourceVersion "1"]
[SourceVersionDate "2024.02.21"]
[SourceQuality "1"]

1. e4 e6 2. d4 d5 3. Nd2 Be7 4. Ngf3 Nf6 5. e5 Nfd7 6. Bd3 c5 7. c3 Nc6 8. 0-0 a5 9. Re1 cxd4 10. cxd4 Qb6 11. Qe2 Nxd4 12. Nxd4 Qxd4 13. Nf3 Qb6 14. Be3 Bc5 15. Bg5 h6 16. Bf4 Be7 17. Rac1 0-0 18. Red1 Rd8 19. Bb1 Nf8 20. Qd2 Qb4 21. Bxh6 gxh6 22. Qxh6 Qg4 23. Rd4 Qg7 24. Qh3 Bd7 25. Rg4 Ng6 26. Qg3 Be8 27. h4 Rac8 28. Rd1 Rc4 29. Nd4 Bxh4 30. Rxh4 Nxh4 31. Qxh4 Rdc8 32. Qf4 Bd7 33. Bd3 Rb4 34. b3 Rxd4 35. Qxd4 Qg5 36. Bf1 Rc1 37. Rd3 Kf8 38. Rg3 Qh6 39. Qe3 Qxe3 40. fxe3 Bb5 41. Rf3 Re1 42. g3 Bxf1 43. Rxf1 Rxe3 44. Kf2 Rxe5 45. Rc1 b5 46. Rc5 a4 47. Rxb5 axb3 48. axb3 Kg7 49. Rb7 Kf6 50. b4 Re4 51. b5 Rb4 52. b6 Kg6 53. Rb8 f6 54. b7 Kf5 55. g4+ Ke5 56. g5 fxg5 57. Kg3 d4 58. Kf3 Rb3+ 59. Ke2 g4 60. Kf2 g3+ 61. Kg2 d3 62. Rd8 Rxb7 63. Rxd3 Ke4 64. Rxg3 e5 65. Kf1 Rb1+ 66. Ke2 Rb2+ 67. Ke1 Kd4 68. Rh3 e4 69. Rh8 Kd3 70. Rh7 Rb1+ 71. Kf2 e3+ 72. Kf3 Rf1+ 73. Kg2 e2 74. Rd7+ Kc4 75. Rc7+ Kd5 76. Rd7+ Kc6 77. Re7 e1Q 78. Rxe1 Rxe1 0-1

[Event "Titled Tuesday intern op 13th Feb Late"]
[Site "Chess.com INT"]
[Date "2024.02.13"]
[Round "4"]
[White "Kostiukov, Alexandr"]
[Black "Martin Fuentes, Alberto"]
[Result "0-1"]
[WhiteElo "2271"]
[BlackElo "2369"]
[PlyCount "64"]
[EventDate "2024.02.13"]
[EventType "swiss (blitz)"]
[EventRounds "11"]
[EventCountry "USA"]
[SourceTitle "CB08_2024"]
[SourceDate "2024.02.21"]
[SourceVersion "1"]
[SourceVersionDate "2024.02.21"]
[SourceQuality "1"]

1. g3 Nf6 2. Bg2 g6 3. c4 c5 4. Nf3 Nc6 5. 0-0 d6 6. d4 cxd4 7. Nxd4 Bd7 8. Nc3 Bg7 9. b3 0-0 10. Bb2 Qa5 11. Qd2 Rfe8 12. Rfd1 Qh5 13. Nd5 Nxd5 14. Nxc6 bxc6 15. Bxg7 Kxg7 16. cxd5 c5 17. b4 Rec8 18. Qe3 Kf8 19. Rdc1 cxb4 20. Rxc8+ Bxc8 21. Rc1 Bh3 22. Bf3 Qe5 23. Qh6+ Kg8 24. Qxh3 a5 25. Qd7 a4 26. Rc8+ Rxc8 27. Qxc8+ Kg7 28. Qc2 a3 29. Qb3 Qd4 30. Kg2 f5 31. h4 Qb2 32. Qc4 b3 0-1

[Event "Titled Tuesday intern op 13th Feb Early"]
[Site "Chess.com INT"]
[Date "2024.02.13"]
[Round "8"]
[White "Martin Fuentes, Alberto"]
[Black "Baloglu, Dila"]
[Result "1-0"]
[WhiteElo "2369"]
[BlackElo "1896"]
[PlyCount "43"]
[EventDate "2024.02.13"]
[EventType "swiss (blitz)"]
[EventRounds "11"]
[EventCountry "USA"]
[SourceTitle "CB08_2024"]
[SourceDate "2024.02.21"]
[SourceVersion "1"]
[SourceVersionDate "2024.02.21"]
[SourceQuality "1"]

1. e4 e5 2. Nf3 Nc6 3. d4 exd4 4. Bc4 Nf6 5. 0-0 Bc5 6. e5 d5 7. exf6 dxc4 8. fxg7 Rg8 9. Bg5 Qd5 10. Nc3 Qf5 11. Ne4 Rxg7 12. Re1 Be6 13. Nh4 Qxg5 14. Nxg5 Rxg5 15. f4 d3+ 16. Kh1 dxc2 17. Qxc2 Rh5 18. f5 Nd4 19. Qxc4 Rxh4 20. Qxc5 b6 21. Qe5 Nc6 22. Qh8+ 1-0

[Event "Titled Tuesday intern op 13th Feb Late"]
[Site "Chess.com INT"]
[Date "2024.02.13"]
[Round "3"]
[White "Martin Fuentes, Alberto"]
[Black "Lehtosaari, Mauri"]
[Result "1-0"]
[WhiteElo "2369"]
[BlackElo "2142"]
[PlyCount "103"]
[EventDate "2024.02.13"]
[EventType "swiss (blitz)"]
[EventRounds "11"]
[EventCountry "USA"]
[SourceTitle "CB08_2024"]
[SourceDate "2024.02.21"]
[SourceVersion "1"]
[SourceVersionDate "2024.02.21"]
[SourceQuality "1"]

1. e4 c5 2. Nc3 Nc6 3. g3 e6 4. Bg2 Nf6 5. d3 d5 6. h3 Be7 7. Nge2 0-0 8. 0-0 b6 9. exd5 Nxd5 10. Nxd5 exd5 11. d4 Ba6 12. dxc5 bxc5 13. Re1 Bxe2 14. Rxe2 Nd4 15. Re1 Bg5 16. c3 Bxc1 17. Rxc1 Nf5 18. Qxd5 Qf6 19. Qxa8 Rxa8 20. Bxa8 g6 21. Be4 Nd6 22. b4 Nxe4 23. Rxe4 cxb4 24. Rxb4 Qg5 25. Rbb1 Qc5 26. c4 a6 27. h4 h6 28. Rb3 g5 29. hxg5 hxg5 30. Rd3 Kh7 31. Rc2 Kg6 32. Rd5 Qc6 33. Re5 f6 34. Rd5 Kh5 35. Rd4 Qc5 36. Re4 f5 37. Re3 Kg4 38. Kg2 f4 39. f3+ Kf5 40. Rd3 Qb4 41. c5 Qa4 42. Rdc3 fxg3 43. c6 Qh4 44. c7 Qh2+ 45. Kf1 Qh1+ 46. Ke2 Qg2+ 47. Kd1 Qf1+ 48. Kd2 Qf2+ 49. Kc1 Qg1+ 50. Kb2 Qb6+ 51. Rb3 Qf6+ 52. Rcc3 1-0

[Event "Titled Tuesday intern op 13th Feb Early"]
[Site "Chess.com INT"]
[Date "2024.02.13"]
[Round "11"]
[White "Martin Fuentes, Alberto"]
[Black "Tarhan, Adar"]
[Result "1/2-1/2"]
[WhiteElo "2369"]
[BlackElo "2415"]
[PlyCount "168"]
[EventDate "2024.02.13"]
[EventType "swiss (blitz)"]
[EventRounds "11"]
[EventCountry "USA"]
[SourceTitle "CB08_2024"]
[SourceDate "2024.02.21"]
[SourceVersion "1"]
[SourceVersionDate "2024.02.21"]
[SourceQuality "1"]

1. e4 c6 2. Nc3 d5 3. g3 dxe4 4. Nxe4 Bf5 5. Bg2 e6 6. Ne2 Nf6 7. N2c3 Nxe4 8. Nxe4 Nd7 9. 0-0 Nf6 10. Nxf6+ Qxf6 11. d4 h5 12. h4 Qg6 13. c3 Bd6 14. Qb3 Rb8 15. Re1 0-0 16. Bg5 b5 17. Qd1 c5 18. dxc5 Bxc5 19. Be3 Bxe3 20. Rxe3 Rfd8 21. Qe1 Rd6 22. Rd1 Rbd8 23. Rxd6 Rxd6 24. Re2 Bg4 25. Rd2 Rxd2 26. Qxd2 Qb1+ 27. Kh2 Qxa2 28. Be4 f5 29. Bc6 Qc4 30. Bg2 Qe2 31. Qxe2 Bxe2 32. f4 Kf7 33. Kg1 Kf6 34. Kf2 Bc4 35. Bf3 g6 36. Ke3 e5 37. fxe5+ Kxe5 38. b4 Bd5 39. Be2 a6 40. Bd3 Be4 41. Be2 Bd5 42. Bd3 Bc4 43. Bc2 Bf1 44. Bb3 Bg2 45. Bf7 Kf6 46. Be8 g5 47. Bxh5 gxh4 48. gxh4 Ke5 49. Be2 f4+ 50. Kf2 Be4 51. c4 bxc4 52. Bxc4 Bb7 53. h5 Kf5 54. Be2 Kg5 55. Bf3 Bc8 56. Ke2 Bf5 57. Kd2 Bd7 58. Kc3 Be8 59. Be2 Bb5 60. Bf3 Be8 61. Be2 Bxh5 62. Bxa6 f3 63. Kd2 Kf4 64. b5 f2 65. b6 Bf3 66. Be2 Bb7 67. Bf1 Kg3 68. Ke3 Bf3 69. Ba6 Bg2 70. Be2 Bb7 71. Bf1 Bc6 72. Bb5 Bxb5 73. b7 f1Q 74. b8Q+ Kg2 75. Qg8+ Kh3 76. Qh7+ Kg4 77. Qg6+ Kh4 78. Qh6+ Kg3 79. Qg5+ Kh2 80. Qh4+ Kg1 81. Qg3+ Kh1 82. Qh4+ Kg1 83. Qg3+ Qg2 84. Qxg2+ Kxg2 1/2-1/2

[Event "Titled Tuesday intern op 13th Feb Early"]
[Site "Chess.com INT"]
[Date "2024.02.13"]
[Round "1"]
[White "Nechitailo, Nikita"]
[Black "Martin Fuentes, Alberto"]
[Result "0-1"]
[WhiteElo "2284"]
[BlackElo "2369"]
[PlyCount "126"]
[EventDate "2024.02.13"]
[EventType "swiss (blitz)"]
[EventRounds "11"]
[EventCountry "USA"]
[SourceTitle "CB08_2024"]
[SourceDate "2024.02.21"]
[SourceVersion "1"]
[SourceVersionDate "2024.02.21"]
[SourceQuality "1"]

1. d4 Nf6 2. c4 c5 3. d5 b5 4. cxb5 a6 5. bxa6 Bxa6 6. Nc3 d6 7. e4 Bxf1 8. Kxf1 g6 9. Nf3 Bg7 10. g3 0-0 11. Kg2 Nbd7 12. a4 Ne8 13. Nd2 Nc7 14. Nc4 Qb8 15. Ra3 Qa7 16. Bg5 Rfe8 17. Qc2 Nb6 18. Nb5 Qb7 19. Nxc7 Qxc7 20. Nxb6 Qxb6 21. b3 Ra7 22. Bd2 Rb8 23. Qc4 Bb2 24. Ra2 Qxb3 25. Qxb3 Rxb3 26. Rb1 Rab7 27. a5 Bd4 28. Rxb3 Rxb3 29. a6 Rb8 30. a7 Ra8 31. Kf3 f5 32. exf5 gxf5 33. Ra6 Kf7 34. Ke2 Kf6 35. Kd3 Ke5 36. Ba5 Kxd5 37. Bc7 c4+ 38. Kd2 Rxa7 39. Rxa7 Bxa7 40. Bd8 e5 41. Be7 Bxf2 42. Bf8 Bg1 43. h4 Bf2 44. g4 Bxh4 45. gxf5 Ke4 46. Bg7 Kxf5 47. Bf8 d5 48. Bc5 d4 49. Kc2 Ke4 50. Kd2 Bf2 51. Kd1 Be3 52. Ke2 d3+ 53. Kd1 Bxc5 54. Kd2 Bb4+ 55. Kd1 c3 56. Kc1 Ba3+ 57. Kd1 c2+ 58. Ke1 c1Q+ 59. Kf2 Qe3+ 60. Kg2 d2 61. Kh2 d1Q 62. Kg2 Qdd2+ 63. Kf1 Qee1# 0-1

[Event "Titled Tuesday intern op 13th Feb Early"]
[Site "Chess.com INT"]
[Date "2024.02.13"]
[Round "6"]
[White "Perossa, Nicolas"]
[Black "Martin Fuentes, Alberto"]
[Result "0-1"]
[WhiteElo "2277"]
[BlackElo "2369"]
[PlyCount "42"]
[EventDate "2024.02.13"]
[EventType "swiss (blitz)"]
[EventRounds "11"]
[EventCountry "USA"]
[SourceTitle "CB08_2024"]
[SourceDate "2024.02.21"]
[SourceVersion "1"]
[SourceVersionDate "2024.02.21"]
[SourceQuality "1"]

1. d3 Nf6 2. g3 g6 3. Bg2 c5 4. Nc3 Nc6 5. Bd2 Bg7 6. Qc1 h5 7. Nf3 Rb8 8. a4 a6 9. e4 d6 10. Bf4 Nd4 11. e5 Nxf3+ 12. Bxf3 Ng4 13. exd6 exd6 14. 0-0 0-0 15. Re1 Ne5 16. Bg2 Be6 17. Bh6 b5 18. Bxg7 Kxg7 19. axb5 axb5 20. Ra7 Qb6 21. Qa1 b4 0-1

[Event "Titled Tuesday intern op 09th Jan Early"]
[Site "Chess.com INT"]
[Date "2024.01.09"]
[Round "4"]
[White "Novik, Maxim"]
[Black "Martin Fuentes, Alberto"]
[Result "1-0"]
[WhiteElo "2399"]
[BlackElo "2376"]
[PlyCount "45"]
[EventDate "2024.01.09"]
[EventType "swiss (blitz)"]
[EventRounds "11"]
[EventCountry "USA"]
[SourceTitle "CB03_2024"]
[SourceDate "2024.01.17"]
[SourceVersion "1"]
[SourceVersionDate "2024.01.17"]
[SourceQuality "1"]

1. e4 e6 2. d4 d5 3. e5 c5 4. c3 Qb6 5. Nf3 Bd7 6. Be2 Bb5 7. dxc5 Bxc5 8. 0-0 Bxe2 9. Qxe2 Nc6 10. b4 Bf8 11. a4 Nge7 12. a5 Qc7 13. a6 b6 14. Na3 Ng6 15. Nb5 Qd7 16. g3 Ncxe5 17. Nxe5 Nxe5 18. Bf4 f6 19. Bxe5 fxe5 20. Qh5+ g6 21. Qxe5 Bg7 22. Nc7+ Ke7 23. Qxg7+ 1-0

[Event "Titled Tuesday intern op 26th Sep Early"]
[Site "Chess.com INT"]
[Date "2023.09.26"]
[Round "1"]
[White "Martin Fuentes, Alberto"]
[Black "De Souza Sa, Apolo"]
[Result "1-0"]
[WhiteElo "2376"]
[BlackElo "1903"]
[PlyCount "69"]
[EventDate "2023.09.26"]
[EventType "swiss (blitz)"]
[EventRounds "11"]
[EventCountry "USA"]
[SourceTitle "EXT 2024"]
[Source "ChessBase"]
[SourceDate "2023.10.10"]
[SourceVersion "1"]
[SourceVersionDate "2023.10.10"]
[SourceQuality "1"]

1. e4 c5 2. Nc3 Nc6 3. g3 g6 4. Bg2 Bg7 5. d3 e5 6. Be3 d6 7. Qd2 Nge7 8. f4 0-0 9. Nf3 Nd4 10. 0-0 Nxf3+ 11. Rxf3 exf4 12. Bxf4 Be6 13. Bh6 Nc6 14. Bxg7 Kxg7 15. Raf1 Ne5 16. R3f2 Qb6 17. Nd1 a5 18. h3 a4 19. a3 Qa5 20. c3 Qb5 21. d4 cxd4 22. cxd4 Nc4 23. Qf4 d5 24. exd5 Bxd5 25. Nc3 Bxg2 26. Nxb5 Bxf1 27. Rxf1 Rad8 28. d5 Nxb2 29. Qf6+ Kg8 30. Qxb2 Rxd5 31. Nc3 Rd3 32. Kg2 Rfd8 33. Ne4 f5 34. Nf2 Rd2 35. Qxb7 1-0

[Event "Titled Tuesday intern op 26th Sep Early"]
[Site "Chess.com INT"]
[Date "2023.09.26"]
[Round "8"]
[White "Nagy, Gabor"]
[Black "Martin Fuentes, Alberto"]
[Result "1-0"]
[WhiteElo "2448"]
[BlackElo "2376"]
[PlyCount "67"]
[EventDate "2023.09.26"]
[EventType "swiss (blitz)"]
[EventRounds "11"]
[EventCountry "USA"]
[SourceTitle "EXT 2024"]
[Source "ChessBase"]
[SourceDate "2023.10.10"]
[SourceVersion "1"]
[SourceVersionDate "2023.10.10"]
[SourceQuality "1"]

1. d4 Nf6 2. Nc3 d5 3. Bf4 e6 4. Nb5 Na6 5. e3 c6 6. Nc3 Be7 7. h4 Nc7 8. Nf3 b6 9. Ne5 Bb7 10. Bd3 c5 11. Qf3 Rb8 12. dxc5 bxc5 13. 0-0-0 0-0 14. h5 Qc8 15. Qg3 Kh8 16. h6 g6 17. Nxf7+ Rxf7 18. Bxc7 Ra8 19. Be5 c4 20. Be2 Kg8 21. Rd4 Nd7 22. Bg7 Qb8 23. f4 Bf6 24. Bg4 Qd6 25. Ne4 Qb6 26. Nxf6+ Nxf6 27. f5 exf5 28. Bxf5 Ne8 29. Bg4 Nxg7 30. hxg7 Rxg7 31. Qe5 Rf8 32. Be6+ Kh8 33. Rxh7+ Kxh7 34. Rh4# 1-0

[Event "Titled Tuesday intern op 19th Sep Early"]
[Site "Chess.com INT"]
[Date "2023.09.19"]
[Round "3"]
[White "Madaminov, Mukhiddin"]
[Black "Martin Fuentes, Alberto"]
[Result "1-0"]
[WhiteElo "2484"]
[BlackElo "2376"]
[PlyCount "121"]
[EventDate "2023.09.19"]
[EventType "swiss (blitz)"]
[EventRounds "11"]
[EventCountry "USA"]
[SourceTitle "EXT 2024"]
[Source "ChessBase"]
[SourceDate "2023.10.10"]
[SourceVersion "1"]
[SourceVersionDate "2023.10.10"]
[SourceQuality "1"]

1. d4 Nf6 2. Nc3 d5 3. Bf4 g6 4. Qd2 Bg7 5. Bh6 Bxh6 6. Qxh6 c6 7. Nf3 Nbd7 8. e3 Nf8 9. Ne5 Be6 10. 0-0-0 Qc7 11. f3 N8d7 12. Nd3 c5 13. dxc5 Nxc5 14. Nxc5 Qxc5 15. Bb5+ Kd8 16. e4 Kc8 17. Qd2 a6 18. Ba4 dxe4 19. fxe4 Kb8 20. Qf4+ Ka7 21. e5 Ng4 22. Rhe1 Rad8 23. h3 Rxd1+ 24. Nxd1 Qa5 25. Re4 h5 26. hxg4 hxg4 27. Qe3+ Ka8 28. a3 Rh1 29. Rd4 Qc7 30. b4 g3 31. Kb2 Bf5 32. Nc3 f6 33. exf6 exf6 34. Bb3 Qe5 35. Qxe5 fxe5 36. Rd2 Rf1 37. Re2 Rf2 38. Bc4 e4 39. Kc1 Rf1+ 40. Kd2 Rh1 41. Nxe4 Ra1 42. Nxg3 Rxa3 43. Nxf5 gxf5 44. Bd3 Rxd3+ 45. Kxd3 f4 46. Rf2 f3 47. Rxf3 b5 48. g4 a5 49. g5 Ka7 50. g6 axb4 51. g7 b3 52. g8Q b2 53. Rf7+ Ka6 54. Qa8+ Kb6 55. Qa7+ Kc6 56. Rc7+ Kd5 57. Qc5+ Ke6 58. Re7+ Kf6 59. Qe5+ Kg6 60. Rg7+ Kh6 61. Qg5# 1-0